Managing electronic records : methods, best practices, and technologies / Robert F. Smallwood. (Record no. 20399)

000 -LEADER
fixed length control field 00575nam a22001577a 4500
020 ## - INTERNATIONAL STANDARD BOOK NUMBER
ISBN 9781118282908 (ebk)
082 ## - DEWEY DECIMAL CLASSIFICATION NUMBER
Classification number 025.04
Item number Sm6359
100 ## - MAIN ENTRY--AUTHOR NAME
Personal name Smallwood, Robert F., 1959 - author.
245 ## - TITLE STATEMENT
Title Managing electronic records : methods, best practices, and technologies / Robert F. Smallwood.
260 ## - PUBLICATION, DISTRIBUTION, ETC. (IMPRINT)
Place of publication Hoboken, N J :
Name of publisher John Wiley & Sons,Inc.,
Year of publication ©2013.
300 ## - PHYSICAL DESCRIPTION
Number of Pages 1 online resource, xv,442 pages.
500 ## - GENERAL NOTE
General note Includes bibliographical references and index.
650 ## - SUBJECT ADDED ENTRY--TOPICAL TERM
Topical Term Electronic records -- Management.
650 ## - SUBJECT ADDED ENTRY--TOPICAL TERM
Topical Term Records -- Management.
942 ## - ADDED ENTRY ELEMENTS (KOHA)
Koha item type Electronic Books
Holdings
Source of acquisition Permanent Location Date acquired Collection code Koha item type Lost status Shelving location Withdrawn status Current Location Full call number
DonationCagayan State University - Carig Library2025-05-17E-BooksElectronic Books E-Resource Section Cagayan State University - Carig Library025.04 Sm6359 2013

Cagayan State University University Library, Carig Campus
Tuguegarao City, Cagayan 3500 | www.csucarig.edu.ph

Powered by Koha